Statistiche per Top 15 dei paesi con decessi Covid-19 - 1 giugno

Clicka qui per fare il quiz!

Statistiche generali

  • Questo quiz è stato fatto 2 volte
  • Il punteggio medio è 11 su 20

Statistiche sulle risposte

nazione% Corretto
Brasile
100%
Germania
100%
India
100%
Italia
100%
Regno Unito
100%
Spagna
100%
Stati Uniti
100%
Belgio
50%
Francia
50%
Irlanda
50%
Paesi Bassi
50%
Portogallo
50%
Russia
50%
Svezia
50%
Canada
0%
Ecuador
0%
Iran
0%
Messico
0%
Perù
0%
Svizzera
0%

Distribuzione punteggi

Percentile per numero di risposta

Percentuale di utenti per punteggio

I tuoi punteggi nel tempo

Non hai fatto questo quiz